Elemente des Periodensystems mit den kürzesten Namen - Statistiken

Allgemein
  • Dieses Quiz wurde 509 mal gespielt
  • Das Durchschnittsergebnis liegt bei 14 aus 22
Antwortstatistiken
Länge Name % Korrekt
3 Bor
90%
3 Iod
83%
4 Brom
78%
5 Chlor
75%
4 Gold
72%
4 Neon
72%
5 Fluor
69%
4 Zinn
68%
4 Zink
67%
5 Xenon
64%
4 Blei
63%
5 Argon
61%
3 Cer
61%
5 Eisen
61%
4 Uran
59%
5 Radon
56%
5 Chrom
54%
5 Selen
47%
4 Niob
46%
5 Arsen
45%
5 Titan
43%
5 Astat
37%
Keine übereinstimmenden Quizze gefunden
Verteilung der Resultate
Anzahl Personen mit jedem Resultat
Perzentil nach korrekt beantworteten Fragen
Ihre Resultats-Entwicklung
Sie haben dieses Quiz noch nicht gespielt